Informe final y resumen de acuerdos

Tallennettuna:
Bibliografiset tiedot
Yhteisötekijä: CSUCA
Aineistotyyppi: Teksti
Julkaistu: San José: CSUCA
Tagit: Lisää tagi
Ei tageja, Lisää ensimmäinen tagi!

MARC

LEADER 00000 a a2200000 04500
001 20391
003
040
090 |a 085100  
110 |a CSUCA  
245 |a Informe final y resumen de acuerdos  
260 |a San José:   |b CSUCA  
300 |a 16 p.  
999 |c 17195  |d 17195